Electromagnetism Problems with Solutions (Record no. 478264)
[ view plain ]
| 000 -LEADER | |
|---|---|
| fixed length control field | 00939cam a22003131 4500 |
| 001 - CONTROL NUMBER | |
| control field | 7021274 |
| 003 - CONTROL NUMBER IDENTIFIER | |
| control field | NUST |
| 005 - DATE AND TIME OF LATEST TRANSACTION | |
| control field | 20180430121833.0 |
| 008 - FIXED-LENGTH DATA ELEMENTS--GENERAL INFORMATION | |
| fixed length control field | 751205s1960 nyua 000 0 eng |
| 010 ## - LIBRARY OF CONGRESS CONTROL NUMBER | |
| LC control number | 60015554 |
| 015 ## - NATIONAL BIBLIOGRAPHY NUMBER | |
| National bibliography number | GB61-599 |
| 020 ## - INTERNATIONAL STANDARD BOOK NUMBER | |
| International Standard Book Number | 978-81-203-4633-8 |
| 035 ## - SYSTEM CONTROL NUMBER | |
| System control number | (OCoLC)1876151 |
| 040 ## - CATALOGING SOURCE | |
| Original cataloging agency | DLC |
| Transcribing agency | FMU |
| Modifying agency | OCoLC |
| -- | Uk |
| -- | DLC |
| 042 ## - AUTHENTICATION CODE | |
| Authentication code | premarc |
| 050 00 - LIBRARY OF CONGRESS CALL NUMBER | |
| Classification number | QC532 |
| Item number | .H3 |
| 082 ## - DEWEY DECIMAL CLASSIFICATION NUMBER | |
| Classification number | 537.01 PRA |
| 100 1# - MAIN ENTRY--PERSONAL NAME | |
| Personal name | Pramanik, Ashutosh |
| 9 (RLIN) | 10268 |
| 245 10 - TITLE STATEMENT | |
| Title | Electromagnetism Problems with Solutions |
| Statement of responsibility, etc. | Ashutosh Pramanik |
| 260 ## - PUBLICATION, DISTRIBUTION, ETC. | |
| Place of publication, distribution, etc. | India |
| Name of publisher, distributor, etc. | PHI Learning Private Limited |
| Date of publication, distribution, etc. | 2012 |
| 300 ## - PHYSICAL DESCRIPTION | |
| Extent | xiv, 906 |
| Other physical details | illus. |
| Dimensions | 23 cm. |
| 504 ## - BIBLIOGRAPHY, ETC. NOTE | |
| Bibliography, etc. note | Includes bibliography. |
| 650 #0 - SUBJECT ADDED ENTRY--TOPICAL TERM | |
| Topical term or geographic name entry element | Electricity |
| General subdivision | Problems, exercises, etc. |
| 9 (RLIN) | 10269 |
| 650 #0 - SUBJECT ADDED ENTRY--TOPICAL TERM | |
| Topical term or geographic name entry element | Electromagnetic theory. |
| 9 (RLIN) | 10270 |
| 650 #0 - SUBJECT ADDED ENTRY--TOPICAL TERM | |
| Topical term or geographic name entry element | Electrodynamics. |
| 9 (RLIN) | 4606 |
| 700 1# - ADDED ENTRY--PERSONAL NAME | |
| Personal name | Penhune, John P. |
| 9 (RLIN) | 10271 |
| 906 ## - LOCAL DATA ELEMENT F, LDF (RLIN) | |
| a | 7 |
| b | cbc |
| c | oclcrpl |
| d | u |
| e | ncip |
| f | 19 |
| g | y-gencatlg |
| 942 ## - ADDED ENTRY ELEMENTS (KOHA) | |
| Source of classification or shelving scheme | |
| Koha item type | Book |
| Withdrawn status | Lost status | Source of classification or shelving scheme | Damaged status | Not for loan | Permanent Location | Current Location | Shelving location | Date acquired | Total Checkouts | Full call number | Barcode | Date last seen | Date last checked out | Price effective from | Koha item type |
|---|---|---|---|---|---|---|---|---|---|---|---|---|---|---|---|
| School of Natural Sciences (SNS) | School of Natural Sciences (SNS) | Book Cart | 04/30/2018 | 3 | 537.01 PRA | SNS0002151 | 02/16/2026 | 02/02/2026 | 04/30/2018 | Book |
